000 00221 a2200097 4500
001 41071
100 _aCalvocoress P
245 _aWorld Order & New States
260 _aLondon
_bChatto & Windus
_c
090 _c25302
_d25302
942 _aNUST-CAE
_cM
_c17006
999 _c276144
_d276144